| 000 | 00964naa a2200157 i 4500 | ||
|---|---|---|---|
| 001 | 9683 | ||
| 003 | KOSZ 005 | ||
| 005 | 20180410140357.0 | ||
| 008 | 151212s2006 pl n f |000 0pol | ||
| 040 |
_cBPK _dKOSZ 005/EG |
||
| 100 | 1 |
_aBOCEWICZ, Grzegorz. _d2006 - . _bPolitechnika Koszalińska - Wydział Elektroniki i Informatyki, _cZakład Podstaw Informatyki i Zarządzania |
|
| 245 | 1 | 0 |
_aZastosowanie technik programowania z ograniczeniami do budowy interakcyjnego systemu sterowania dyspozytorskiego procesami transportu i składowania ESP / _cGrzegorz Bocewicz, Wojciech Muszyński, Zbigniew Banaszak. |
| 700 | 1 |
_aBANASZAK, Zbigniew. _bPolitechnika Koszalińska - Wydział Elektroniki i Informatyki, _d2003 - . _cKatedra Telekomunikacji |
|
| 773 | 0 |
_iW : _tMetody i techniki zarządzania w inżynierii produkcji : zbiór prac / pod red. Józefa Matuszka. - _dBielsko-Biała : Wydaw. Akademii Techniczno-Humanistycznej, 2006. - _gs.107-126 |
|
| 942 |
_cROZ _2UKD |
||
| 999 |
_c9683 _d9683 |
||